| 000 | 00432nam a22001817a 4500 | ||
|---|---|---|---|
| 003 | MPLRDC | ||
| 005 | 20220104161137.0 | ||
| 008 | 210129b ||||| |||| 00| 0 eng d | ||
| 020 | _a983-40641-0-1 | ||
| 082 | _a544.39 PWF | ||
| 100 | _a潘文发 | ||
| 245 |
_a婚姻拼图 _c |
||
| 250 | _a再版 | ||
| 260 |
_a马来西亚 _b潘文发AP SERVICES _c2001 |
||
| 300 | _b平 | ||
| 650 | _a婚姻杂论 | ||
| 942 |
_cBK _o544.39 PWF |
||
| 999 |
_c55332 _d55322 |
||